| 000 | 00398nam a2200133Ia 4500 | ||
|---|---|---|---|
| 008 | 220217s9999||||xx |||||||||||||| ||und|| | ||
| 020 | _a9788131722398 | ||
| 082 | _a670 PHA | ||
| 100 |
_aPhadke, Madhav, S _98796 |
||
| 245 | 0 | _aQuality engineering using robust design | |
| 260 |
_aPearson education of asia _bNew Delhi _c2008 |
||
| 300 |
_aXVIII, 334p. _b375 |
||
| 650 | _aProduction Technology | ||
| 999 |
_c184157 _d184157 |
||